Sports Quiz

Random Sports or Country Quiz
Score 0/22 Timer 04:00
0 Plays Today
Country % Correct
United States
99.1%
Canada
95.4%
France
94.2%
Japan
94%
USSR
94%
Germany
92.9%
China
92.6%
Italy
92.2%
United Kingdom
90.9%
Australia
88.7%
Mexico
87.4%
Country % Correct
Sweden
87.3%
Spain
87.2%
Norway
86.2%
Greece
81.6%
Finland
81.3%
South Korea
78.7%
Switzerland
78%
Austria
77%
Netherlands
70.3%
Belgium
64.4%
Yugoslavia
56.7%

You're not logged in!

Compare scores with friends on all Sporcle quizzes.
OR
Log In

Sporcle TV

Today on Sporcle TV


Watch our educational content, quiz creation guides, and fun videos on Sporcle TV.

Show Comments

Extras

Top Quizzes Today


Score Distribution

Paid Content

Your Account Isn't Verified!

In order to create a playlist on Sporcle, you need to verify the email address you used during registration. Go to your Sporcle Settings to finish the process.

Report this User

Report this user for behavior that violates our Community Guidelines.

Details: